| 000 | 00628nam a22001937a 4500 | ||
|---|---|---|---|
| 005 | 20180323140840.0 | ||
| 010 | _aENG-122383 | ||
| 020 |
_c495.00 _a9788126922826 |
||
| 035 | _aEN-105915 | ||
| 037 | _bDBAD/PUB | ||
| 082 | _a230 | ||
| 100 | _aWilkins, W.J. | ||
| 245 |
_aModern hindusim: _cby W.J. Wilkins _ban account of the religion and life of the hindus in northern india / |
||
| 250 | _aIInd ed. | ||
| 260 |
_aNew Delhi _bAtlantic Publishers & Distributors _c2016 |
||
| 270 |
_bNew Delhi _e110002 _a7/22, Ansari Road, Darya Ganj, |
||
| 300 |
_a270p. _c22cm.(Hb) _bill. |
||
| 942 |
_2ddc _cEN _mWIL _h230 |
||
| 999 |
_c150520 _d150520 |
||